Σύγχρονη Διοικητική Δημόσιων Σχέσεων / Α Έκδοση (Record no. 1358)
[ view plain ]
| 000 -LEADER | |
|---|---|
| fixed length control field | 02024cam a22002294a 4500 |
| 005 - ΗΜΕΡΟΜΗΝΙΑ ΚΑΙ ΩΡΑ ΤΕΛΕΥΤΑΙΑΣ ΕΝΗΜΕΡΩΣΗΣ | |
| Πεδίο ελέγχου | 20250605164006.0 |
| 008 - FIXED-LENGTH DATA ELEMENTS--GENERAL INFORMATION | |
| Πεδίο ελέγχου σταθερού μήκους | 250528s ||||||||||||||||||||||||d |
| 035 ## - SYSTEM CONTROL NUMBER | |
| System control number | 15807 |
| 020 ## - ISBN | |
| ISBN | 9603590843 |
| 040 ## - ΠΗΓΗ ΚΑΤΑΛΟΓΟΓΡΑΦΗΣΗΣ | |
| Φορέας πρωτότυπης καταλογογράφησης | MC Athens Campus Library |
| Γλώσσα καταλογογράφησης | Ελληνικά, Μοντέρνα (1453-) |
| Modifying agency | MC Athens Campus Library |
| Κανόνες περιγραφικής καταλογογράφησης | AACR2 |
| 245 1# - ΤΙΤΛΟΣ ΚΑΙ ΔΗΛΩΣΗ ΥΠΕΥΘΥΝΟΤΗΤΑΣ | |
| Τίτλος | Σύγχρονη Διοικητική Δημόσιων Σχέσεων / Α Έκδοση |
| 250 ## - EDITION STATEMENT | |
| Edition statement | 1η |
| 260 ## - PUBLICATION, DISTRIBUTION, ETC. | |
| Name of publisher, distributor, etc. | Μπένου, |
| Date of publication, distribution, etc. | 2001 |
| 300 ## - PHYSICAL DESCRIPTION | |
| Extent | 320 |
| 505 0# - FORMATTED CONTENTS NOTE | |
| Formatted contents note | Πρόλογος, Εισαγωγή στις Δημόσιες Σχέσεις, Η Ανάπτυξη των Δημοσίων Σχέσεων, Χαρακτηριστικά του Υπευθύνου Δημοσίων Σχέσεων, Το Πρόγραμμα των Δημοσίων Σχέσεων, Μέσα Ενημέρωσης, Οι Δημόσιες Σχέσεις και ο Τύπος, Τα Διαδραστικά Πολυμέσα και το Ίντερνετ και οι άλλες Τεχνολογίες, Η Έρευνα των Δημοσίων Σχέσεων, Χορηγία, Αντιμετώπιση Κρίσεων, Κώδικας Δεοντολογίας, Γενικά Παραρτήματα. |
| 520 ## - SUMMARY, ETC. | |
| Summary, etc. | Πρόλογος, Εισαγωγή στις Δημόσιες Σχέσεις, Η Ανάπτυξη των Δημοσίων Σχέσεων, Χαρακτηριστικά του Υπευθύνου Δημοσίων Σχέσεων, Το Πρόγραμμα των Δημοσίων Σχέσεων, Μέσα Ενημέρωσης, Οι Δημόσιες Σχέσεις και ο Τύπος, Τα Διαδραστικά Πολυμέσα και το Ίντερνετ και οι άλλες Τεχνολογίες, Η Έρευνα των Δημοσίων Σχέσεων, Χορηγία, Αντιμετώπιση Κρίσεων, Κώδικας Δεοντολογίας, Γενικά Παραρτήματα. |
| 700 1# - ΠΡΟΣΘΕΤΗ ΑΝΑΓΡΑΦΗ--ΦΥΣΙΚΟ ΠΡΟΣΩΠΟ | |
| Personal name | Βεντούρα - Νεοκοσμίδη Ζωή |
| 9 (RLIN) | 1802 |
| 700 1# - ΠΡΟΣΘΕΤΗ ΑΝΑΓΡΑΦΗ--ΦΥΣΙΚΟ ΠΡΟΣΩΠΟ | |
| Personal name | Πανηγυράκης Γεώργιος Γ |
| 9 (RLIN) | 1742 |
| 942 ## - ADDED ENTRY ELEMENTS (KOHA) | |
| Koha item type | Books |
| Τύπος τεκμηρίου | Βιβλιοθήκη | Τρέχουσα τοποθεσία | Barcode | Αριθμός εισαγωγής | Ημερομηνία απόκτησης | Ταξιθετικό σύμβολο | Αριθμός αντιτύπου | Κατάσταση απόσυρσης | Κατάσταση χαμένου | Κατάσταση κατεστραμμένου | Μη δανεισμός | Σύνολο δανεισμών | Ημερομηνία τελευταίας εμφάνισης | Η τιμή ισχύει από |
|---|---|---|---|---|---|---|---|---|---|---|---|---|---|---|
| Books | MC Athens Campus Library | MC Athens Campus Library | 9780000013576 | 2187 | 05/06/2025 | 659.2 PAN | 2 | 05/06/2025 | 05/06/2025 |